000 00625nam a22001697a 4500
005 20231102134452.0
008 231102b |||||||| |||| 00| 0 eng d
041 _aEnglish
082 _a346.6 HAH
100 _aHahlo, HR
_lEnglish
245 _aCompany Law through the cases :
_bA collection of leading English and South African cases on Company Law together with explanatory notes and comments /
_cHR Hahlo
250 _aSecond Edition
260 _aCape Town :
_bJuta and Company Ltd,
_c1969
300 _bxxxvi, 577 pages ;
_c26 cm.
650 _aLegal practice
_bLaw
942 _cBK
_6ALISON_BN_VRIES
999 _c261
_d261